| 000 | 00472nam a2200193Ia 4500 | ||
|---|---|---|---|
| 008 | 151121s9999||||xx |||||||||||||| ||und|| | ||
| 082 | _a823/CRO | ||
| 082 | _bHNW-65013 | ||
| 100 | _aCross Amanda | ||
| 245 | _aSweet Death Kind Death | ||
| 260 | _b"Virago Press Ltd, London।" | ||
| 260 | _c-- | ||
| 300 | _a177 | ||
| 600 | _aCross Amanda | ||
| 630 | _aSweet Death Kind Death | ||
| 700 | _aCross Amanda | ||
| 730 | _aSweet Death Kind Death | ||
| 942 | _cBOOK | ||
| 999 |
_c1246537 _d1246534 |
||